| 000 | 00998nam2a22002411 4500 | ||
|---|---|---|---|
| 001 | rc\720991 | ||
| 005 | 20250621225612.0 | ||
| 010 | _a5-88369-063-7 | ||
| 035 | _a(NLR Aleph) 005964282 | ||
| 090 |
_a6879218 _c6879218 |
||
| 100 | _a20031121d1996 |||y0rusy50 ca | ||
| 101 | 0 |
_arus _aeng |
|
| 102 | _aRU | ||
| 105 | _aa ||||||||| | ||
| 200 | 1 | _aПосольский приказ | |
| 215 |
_a191 с. _cил., факс., портр. |
||
| 461 | 0 |
_1001rc\720990 _12001#$aРоссийские дипломаты XVI-XIX вв.$e[В 3 т.]$fГ.Л. Кессельбреннер$vТ. 1 _1700#1$aКессельбреннер$bГ.Л.$gГавриил Леонидович$f1921- _96879211 _aКессельбреннер, Г.Л. (1921-) _cМ. _d1996 _fГ.Л. Кессельбреннер _nЯнико _o[В 3 т.] _tРоссийские дипломаты XVI-XIX вв. _vТ. 1 |
|
| 801 | 0 |
_aRU _bNLR _gpsbo |
|
| 801 | 1 |
_aRU _bELAR _2rusmarc |
|
| 852 |
_aNLR _j72-0/853(1) |
||
| 942 | _cBOOK | ||
| 980 | _aNB | ||